[Event "Rodatychi Magic Valley 3rd"]
[Site "Rodatychi"]
[Date "2011.07.05"]
[Round "2"]
[White "Kigel, Dmytro"]
[Black "Petrenko, Svetlana"]
[Result "1-0"]
[WhiteElo "2210"]
[BlackElo "2209"]
[PlyCount "81"]
[EventDate "2011.07.04"]
[EventType "tourn"]
[EventRounds "9"]
[EventCountry "UKR"]
[EventCategory "1"]
[SourceTitle "CBM 143 Extra"]
[Source "ChessBase"]
[SourceDate "2011.08.29"]
[SourceVersion "1"]
[SourceVersionDate "2011.08.29"]
[SourceQuality "1"]

1. e4 c5 2. Nc3 e6 3. f4 Nc6 4. Nf3 a6 5. g3 b5 6. Bg2 Bb7 7. 0-0 Qb6 8. Kh1 b4 9. Ne2 Nd4 10. Nfxd4 cxd4 11. d3 Nf6 12. c3 Bc5 13. cxd4 Bxd4 14. Nxd4 Qxd4 15. Qe2 Qb6 16. Be3 Qb5 17. a4 Qa5 18. g4 d6 19. g5 Nd7 20. f5 e5 21. f6 g6 22. Rfc1 h5 23. Qf2 0-0 24. Bh3 Qd8 25. Rc4 a5 26. Rac1 Ba6 27. Rc6 Nc5 28. Bxc5 dxc5 29. Qxc5 Qxd3 30. Bg2 Rfe8 31. Qd5 Qe3 32. Rc7 Rf8 33. Qxe5 h4 34. Qc5 Qb3 35. e5 Rad8 36. Qc2 Qe3 37. Qe4 Qxe4 38. Bxe4 Rc8 39. Rxc8 Rxc8 40. Rxc8+ Bxc8 41. Bc6 1-0

[Event "UKR-chT Clubs"]
[Site "Alushta"]
[Date "2011.05.21"]
[Round "9.2"]
[White "Kigel, Dmytro"]
[Black "Korobov, Anton"]
[Result "0-1"]
[WhiteElo "2198"]
[BlackElo "2660"]
[PlyCount "106"]
[EventDate "2011.05.13"]
[EventType "team-tourn"]
[EventRounds "9"]
[EventCountry "UKR"]
[SourceTitle "CBM 142 Extra"]
[Source "ChessBase"]
[SourceDate "2011.06.27"]
[SourceVersion "1"]
[SourceVersionDate "2011.06.27"]
[SourceQuality "1"]
[WhiteTeam "Crimea Stars"]
[BlackTeam "Chernigov DAN"]
[WhiteTeamCountry "UKR"]
[BlackTeamCountry "UKR"]

1. d4 Nf6 2. c4 g6 3. Nc3 Bg7 4. e4 d6 5. Be2 0-0 6. Nf3 Na6 7. 0-0 e5 8. Re1 Qe8 9. Bf1 Bg4 10. d5 Nh5 11. h3 Bd7 12. Rb1 Nc5 13. b4 Na4 14. Nxa4 Bxa4 15. Qd3 Bd7 16. c5 f5 17. Ng5 Nf6 18. Qc4 Kh8 19. exf5 gxf5 20. b5 h6 21. Nf3 Qf7 22. c6 Bc8 23. Rd1 Rb8 24. Be3 bxc6 25. dxc6 Be6 26. Qc1 f4 27. Bxa7 Ra8 28. b6 cxb6 29. Bxb6 Nd5 30. Bc4 Rfc8 31. Qd2 Nxb6 32. Bxe6 Qxe6 33. Rxb6 Bf8 34. Ra1 Bg7 35. Rd1 Bf8 36. Ra1 Be7 37. Qc2 Rg8 38. Kh1 e4 39. Ng1 f3 40. g3 d5 41. Rab1 Qe5 42. c7 Rac8 43. Qc6 Bg5 44. R6b5 Rxc7 45. Qxd5 Qxd5 46. Rxd5 Rc2 47. Re5 Rxf2 48. Rxe4 Rc8 49. Rb3 Rc1 50. Rb7 Re2 51. Ra4 Re8 52. Rf7 Be3 53. Rxf3 Bxg1 0-1

[Event "UKR-chT Clubs"]
[Site "Alushta"]
[Date "2011.05.19"]
[Round "7.2"]
[White "Kigel, Dmytro"]
[Black "Ipatov, Alexander"]
[Result "0-1"]
[WhiteElo "2198"]
[BlackElo "2536"]
[PlyCount "56"]
[EventDate "2011.05.13"]
[EventType "team-tourn"]
[EventRounds "9"]
[EventCountry "UKR"]
[SourceTitle "CBM 142 Extra"]
[Source "ChessBase"]
[SourceDate "2011.06.27"]
[SourceVersion "1"]
[SourceVersionDate "2011.06.27"]
[SourceQuality "1"]
[WhiteTeam "Crimea Stars"]
[BlackTeam "Kharkov Law Academy"]
[WhiteTeamCountry "UKR"]
[BlackTeamCountry "UKR"]

1. d4 Nf6 2. Nf3 c5 3. d5 e6 4. c4 b5 5. dxe6 fxe6 6. cxb5 d5 7. a4 Bd6 8. Bg5 0-0 9. e3 Nbd7 10. Nc3 Bb7 11. a5 Rc8 12. Be2 Bb8 13. Qa4 c4 14. b4 cxb3 15. Qxb3 Qc7 16. Nd1 Kh8 17. Bh4 e5 18. Bg3 Qd8 19. 0-0 Ne4 20. b6 a6 21. Qb2 Qe7 22. Nd2 Nxg3 23. hxg3 e4 24. Nb3 Rc6 25. Nd4 Rh6 26. Nc3 Qg5 27. Qd2 Rxf2 28. Rxf2 Qxg3 0-1